I Like Cheese Quiz Stats

 Plays Quiz not verified by Sporcle

Score 0/33 Timer 05:00
0 Plays Today
Milk Source % Correct
CowAmerican Cheese
82.6%
CowCheddar Clothbound
82.6%
CowCold Pack Cheddar
82.6%
CowGrafton Village Cheddar
82.6%
CowShelburne Cheddar
82.6%
CowTillamook Cheddar
82.6%
CowSwiss
65.2%
CowColby
30.4%
CowColby Jack
30.4%
CowPepper Jack
30.4%
CowMonterey Jack
17.4%
CowMonterey Jack Dry
17.4%
CowBrick
13%
CowMuenster
13%
CowDry Jack
8.7%
VariousFarmer
8.7%
CowFresh Jack
8.7%
Milk Source % Correct
CowSonoma Jack
8.7%
GoatTexas Goat Cheese
8.7%
GoatAcapella
4.3%
SheepBergere Bleue
4.3%
CowCougar Gold
4.3%
CowCrowley
4.3%
CowIdaho Goatster
4.3%
CowMaytag Blue
4.3%
CowProvel
4.3%
GoatCapriole Banon
0%
GoatCypress Grove Chevre
0%
CowHubbardston Blue Cow
0%
CowHumboldt Fog
0%
CowPeekskill Pyramid
0%
CowPinconning
0%
CowPlymouth Cheese
0%

You're not logged in!

Compare scores with friends on all Sporcle quizzes.
OR
Log In

Show Comments

Extras

Created Feb 20, 2012SourceReportNominate
Tags:Food Quiz, cheese

Top Quizzes Today


Score Distribution

Your Account Isn't Verified!

In order to create a playlist on Sporcle, you need to verify the email address you used during registration. Go to your Sporcle Settings to finish the process.

Report this User

Report this user for behavior that violates our Community Guidelines.

Details: